|
|
|
|
| LEADER |
02020nam a2200361 a 4500 |
| 001 |
26690 |
| 003 |
BD-DhAAL |
| 008 |
130316s2010 nyua 000 0 eng d |
| 999 |
|
|
|c 13241
|d 13241
|
| 010 |
|
|
|a 2009001400
|
| 020 |
|
|
|a 9780815341291 (hardcover)
|
| 020 |
|
|
|a 9780815341307 (pbk.)
|
| 040 |
|
|
|a DLC
|c DLC
|d DLC
|d BD-DhAAL
|
| 082 |
0 |
0 |
|a 571.6
|2 22
|
| 245 |
0 |
0 |
|a Essential cell biology /
|c Bruce Alberts ... [et al.].
|
| 250 |
|
|
|a 3rd ed.
|
| 260 |
|
|
|a New York :
|b Garland Science,
|c 2010.
|
| 300 |
|
|
|a 1 v. (various pagings) :
|b ill. (chiefly col.) ;
|c 29 cm. +e 1DVD-ROM (4 3/4 in.)
|
| 500 |
|
|
|a Includes index.
|
| 541 |
|
|
|a 00026690
|
| 650 |
|
0 |
|a Cytology.
|9 43994
|
| 650 |
|
0 |
|a Molecular biology.
|9 43995
|
| 650 |
|
0 |
|a Biochemistry.
|9 43996
|
| 650 |
|
0 |
|a Pharmacy.
|9 43997
|
| 700 |
1 |
|
|a Alberts, Bruce.
|9 43998
|
| 852 |
1 |
|
|a Ayesha Abed Library
|j General Shelf.
|
| 942 |
0 |
0 |
|0 3
|2 ddc
|c BK
|
| 952 |
|
|
|0 0
|1 0
|2 ddc
|4 0
|6 571_600000000000000_ESS
|7 0
|9 22037
|a BRACUL
|b BRACUL
|c GEN
|d 2013-03-16
|e Trim Education
|g 5475.00
|l 19
|m 125
|o 571.6 ESS
|p 3010026690
|r 2026-04-20
|s 2026-03-02
|t 1
|w 2013-03-16
|y BK
|
| 952 |
|
|
|0 0
|1 0
|2 ddc
|4 0
|6 571_600000000000000_ESS
|7 0
|9 22038
|a BRACUL
|b BRACUL
|c GEN
|d 2013-03-16
|e Trim Education
|g 5475.00
|l 16
|m 116
|o 571.6 ESS
|p 3010026691
|r 2025-10-26
|s 2025-09-24
|t 2
|w 2013-03-16
|y BK
|
| 952 |
|
|
|0 0
|1 0
|2 ddc
|4 0
|6 571_600000000000000_ESS
|7 0
|9 22039
|a BRACUL
|b BRACUL
|c GEN
|d 2013-03-16
|e Trim Education
|g 5475.00
|l 18
|m 154
|o 571.6 ESS
|p 3010026692
|r 2025-08-11
|s 2025-08-07
|t 3
|w 2013-03-16
|y BK
|
| 952 |
|
|
|0 0
|1 0
|2 ddc
|4 0
|6 571_600000000000000_ESS
|7 0
|9 22040
|a BRACUL
|b BRACUL
|c AV
|d 2013-03-16
|e Trim Education
|g 5475.00
|l 0
|o 571.6 ESS
|p 4010026690
|r 2013-03-16
|t 1
|w 2013-03-16
|y AV
|
| 952 |
|
|
|0 0
|1 0
|2 ddc
|4 0
|6 571_600000000000000_ESS
|7 0
|9 22041
|a BRACUL
|b BRACUL
|c AV
|d 2013-03-16
|e Trim Education
|g 5475.00
|l 1
|o 571.6 ESS
|p 4010026691
|r 2016-11-27
|s 2016-11-22
|t 2
|w 2013-03-16
|y AV
|
| 952 |
|
|
|0 0
|1 0
|2 ddc
|4 0
|6 571_600000000000000_ESS
|7 0
|9 22042
|a BRACUL
|b BRACUL
|c AV
|d 2013-03-16
|e Trim Education
|g 5475.00
|l 0
|o 571.6 ESS
|p 4010026692
|r 2013-03-16
|t 3
|w 2013-03-16
|y AV
|